Environmental engineering (Record no. 5357)

000 -LEADER
fixed length control field 00678nam a2200241 4500
001 - CONTROL NUMBER
control field 5357
003 - CONTROL NUMBER IDENTIFIER
control field BD-DhUET
008 - FIXED-LENGTH DATA ELEMENTS--GENERAL INFORMATION
fixed length control field 141126b xxu||||| |||| 00| 0 eng d
020 ## - INTERNATIONAL STANDARD BOOK NUMBER
International Standard Book Number 0071002316
040 ## - CATALOGING SOURCE
Transcribing agency 0
Modifying agency BD-DhUET
082 ## - DEWEY DECIMAL CLASSIFICATION NUMBER
Classification number 628
Item number PEA/1985
100 ## - MAIN ENTRY--PERSONAL NAME
Personal name Peavy, Howard S
245 ## - TITLE STATEMENT
Title Environmental engineering
250 ## - EDITION STATEMENT
Edition statement 1st ed.
260 ## - PUBLICATION, DISTRIBUTION, ETC. (IMPRINT)
Place of publication, distribution, etc. New york
Name of publisher, distributor, etc. McGraw-Hill
Date of publication, distribution, etc. 1985
300 ## - PHYSICAL DESCRIPTION
Extent xiv,699 p.+various paging
Other physical details ill.
490 ## - SERIES STATEMENT
Series statement McGraw-Hill series in water resources and environmental engineering
504 ## - BIBLIOGRAPHY, ETC. NOTE
Bibliography, etc Includes bibliographies
650 #0 - SUBJECT ADDED ENTRY--TOPICAL TERM
Topical term or geographic name as entry element Environmental engineering
700 ## - ADDED ENTRY--PERSONAL NAME
Personal name Rowe, Donald R.
700 ## - ADDED ENTRY--PERSONAL NAME
Personal name Tchobanoglous, George
942 ## - ADDED ENTRY ELEMENTS (KOHA)
Koha item type General Book
Holdings
Koha full call number Copy number Koha date last borrowed Sublocation or collection (holding branch) Withdrawn status Not for loan Koha normalized classification for sorting Date acquired Damaged status Price effective from Koha item type Koha issues (times borrowed) Location (home branch) Koha date last seen Piece designation (barcode) Shelving location Source of classification or shelving scheme Koha renewals Lost status
628/PEA/198512023-12-10Central Library, BUET  628PEA19852014-11-26 2014-11-26General Book9Central Library, BUET2024-09-0881896Circulation section   
628/PEA/198522024-03-16Central Library, BUET  628PEA19852014-11-26 2014-11-26General Book10Central Library, BUET2024-06-0281895Circulation section   
628/PEA/19853 Central Library, BUET  628_000000000000000_PEA_19852015-06-18 2015-06-18Reading Item Central Library, BUET2015-06-1888788Reading section   
628/PEA/19854 Central Library, BUET  628_000000000000000_PEA_19852015-06-18 2015-06-18Reading Item Central Library, BUET2015-06-1887579Reading section   
628/PEA/198552020-03-16Central Library, BUET  628_000000000000000_PEA_19851991-10-28 2017-10-31General Book2Central Library, BUET2021-11-1381894Circulation section   
628 PEA/1985ক-৫১ Central Library, BUET  628_000000000000000_PEA_19851991-10-28 2024-12-01Rental Item Central Library, BUET2024-12-0181847Rental section   
628 PEA/1985ক-৭৮ Central Library, BUET  628_000000000000000_PEA_19851991-10-28 2024-12-01Rental Item Central Library, BUET2024-12-0181874Rental section   
628 PEA/1985ক-৭৯ Central Library, BUET  628_000000000000000_PEA_19851991-10-28 2024-12-01Rental Item Central Library, BUET2024-12-0181875Rental section   
628 PEA/1985ক-৮০ Central Library, BUET  628_000000000000000_PEA_19851991-10-28 2024-12-01Rental Item Central Library, BUET2024-12-0181876Rental section   
628 PEA/1985ক-৮১ Central Library, BUET  628_000000000000000_PEA_19851991-10-28 2024-12-01Rental Item Central Library, BUET2024-12-0181877Rental section   
628 PEA/1985ক-৮২ Central Library, BUET  628_000000000000000_PEA_19851991-10-28 2024-12-01Rental Item Central Library, BUET2024-12-0181878Rental section   
628 PEA/1985ক-৮৩ Central Library, BUET  628_000000000000000_PEA_19851991-10-28 2024-12-01Rental Item Central Library, BUET2024-12-0181879Rental section   
628 PEA/1985ক-৮৪ Central Library, BUET  628_000000000000000_PEA_19851991-10-28 2024-12-01Rental Item Central Library, BUET2024-12-0181880Rental section   
628 PEA/1985ক-৮৫ Central Library, BUET  628_000000000000000_PEA_19851991-10-28 2024-12-01Rental Item Central Library, BUET2024-12-0181881Rental section   
628 PEA/1985ক-৮৬ Central Library, BUET  628_000000000000000_PEA_19851991-10-28 2024-12-01Rental Item Central Library, BUET2024-12-0181882Rental section   
628 PEA/1985ক-৮৭ Central Library, BUET  628_000000000000000_PEA_19851991-10-28 2024-12-01Rental Item Central Library, BUET2024-12-0181883Rental section   
628 PEA/1985ক-৮৭ Central Library, BUET  628_000000000000000_PEA_19851991-10-28 2024-12-01Rental Item Central Library, BUET2024-12-0181884Rental section